Classical tessellations and three-manifolds /
Guardado en:
| Autor Principal: | |
|---|---|
| Formato: | Libro |
| Idioma: | English |
| Publicado: |
Berlin :
Springer-Verlag,
c1987.
|
| Series: | Universitext
|
| Materias: | |
| Etiquetas: |
Agregar Etiqueta
Sin Etiquetas, Sea el primero en etiquetar este registro!
|
| LEADER | 00790pam a2200241 a 4500 | ||
|---|---|---|---|
| 001 | MAT.inmabb004518 | ||
| 008 | 870722s1987####gw#a#####b####000#0#eng## | ||
| 005 | 20130322162830.0 | ||
| 245 | 1 | 0 | |a Classical tessellations and three-manifolds / |c José María Montesinos. |
| 260 | |a Berlin : |b Springer-Verlag, |c c1987. | ||
| 300 | |a xvii, 230 p. : |b il. ; |c 25 cm. | ||
| 440 | 0 | |a Universitext | |
| 500 | |a Incluye 4 p. de errata. | ||
| 504 | |a Bibliografía: p. [216]-223. | ||
| 510 | 4 | |a MR, |c 89d:57016 | |
| 020 | |a 3540152911 | ||
| 100 | 1 | |a Montesinos, José María, |d 1944- | |
| 650 | 0 | |a Tessellations (Mathematics) | |
| 650 | 0 | |a Three-manifolds (Topology) | |
| 084 | |a 57N10 (05B45 20F65 52Cxx) |2 msc2000 | ||
| 010 | |a 87020645 | ||
| 040 | |a DLC |c DLC |d DLC | ||
| 859 | |h 57 |i M779 |p A-6642 |b BIB. MATEMATICA | ||
